书目信息 |
| 题名: |
珊瑚礁科学概论
|
|
| 作者: | 余克服 主编 | |
| 分册: | ||
| 出版信息: | 北京 科学出版社 2019 |
|
| 页数: | 578页 | |
| 开本: | 30cm | |
| 丛书名: | ||
| 单 册: | ||
| 中图分类: | P737.2 | |
| 科图分类: | ||
| 主题词: | 海洋生物学--概论--珊瑚礁--shan hu jiao | |
| 电子资源: | ||
| ISBN: | 978-7-03-057488-6 | |
| 000 | 01651nam0 2200289 45 | |
| 001 | 012001001296 | |
| 005 | 20140107183703.0 | |
| 010 | @a978-7-03-057488-6@b精装@dCNY398.00 | |
| 099 | @aCAL 012018133743 | |
| 100 | @a20181025d2018 em y0chiy50 ea | |
| 101 | 0 | @achi |
| 102 | @aCN@b110000 | |
| 105 | @aak a 000yy | |
| 106 | @ar | |
| 200 | 1 | @a珊瑚礁科学概论@Ashan hu jiao ke xue gai lun@d= Introduction to the science of coral reefs@f余克服主编@zeng |
| 210 | @a北京@c科学出版社@d2019 | |
| 215 | @a578页@c图@d30cm | |
| 300 | @a国家科学技术学术著作出版基金资助出版 | |
| 320 | @a有书目 | |
| 330 | @a本书将珊瑚礁作为一个系统进行了全面而深入地介绍,包括珊瑚礁的基本概念、珊瑚礁生态系统、生物多样性、地质、地貌、发育演化、环境记录、白化与生态修复、地下水资源、经济价值评估与保护管理、监测技术、岛礁工程、钙质砂的岩土力学性能等诸多方面。本书是50多位科技工作者在过去20多年的研究过程中,对国内外珊瑚礁文献进行整理和综述的基础上完成的,所述内容既清晰地阐述了珊瑚礁学科的基础知识、发展过程,也紧扣了珊瑚礁学科发展的前沿领域和最新动态,同时还涉及全球气候变暖、海平面变化、海洋酸化、碳循环、人类活动的生态影响、生态系统退化、岛礁工程建设等大众关心的科学问题。 | |
| 333 | @a本书既适用于海洋科学、生物科学、环境科学和地质学专业的本科生、研究生,也适用于海洋科学、生物科学、环境科学、地质学以及古气候学等领域的科技人员,同时也是海洋管理、决策部门的重要参考资料,并适用于广大海洋环境爱好者、中学生。 | |
| 510 | 1 | @aIntroduction to the science of coral reefs@zeng |
| 606 | 0 | @x海洋生物学@x概论@a珊瑚礁@Ashan hu jiao |
| 690 | @aP737.2@v4 | |
| 701 | 0 | @a余克服@AYu Kefu@4主编 |
| 801 | 0 | @aCN@b北京卓展@c20191020 |
| 905 | @b1201738-9@dP737.2@e109@f2 | |
| 珊瑚礁科学概论= Introduction to the science of coral reefs/余克服主编.-北京:科学出版社,2019 |
| 578页:图;30cm |
| 国家科学技术学术著作出版基金资助出版.-使用对象:本书既适用于海洋科学、生物科学、环境科学和地质学专业的本科生、研究生,也适用于海洋科学、生物科学、环境科学、地质学以及古气候学等领域的科技人员,同时也是海洋管理、决策部门的重要参考资料,并适用于广大海洋环境爱好者、中学生。 |
| ISBN 978-7-03-057488-6(精装):CNY398.00 |
| 本书将珊瑚礁作为一个系统进行了全面而深入地介绍,包括珊瑚礁的基本概念、珊瑚礁生态系统、生物多样性、地质、地貌、发育演化、环境记录、白化与生态修复、地下水资源、经济价值评估与保护管理、监测技术、岛礁工程、钙质砂的岩土力学性能等诸多方面。本书是50多位科技工作者在过去20多年的研究过程中,对国内外珊瑚礁文献进行整理和综述的基础上完成的,所述内容既清晰地阐述了珊瑚礁学科的基础知识、发展过程,也紧扣了珊瑚礁学科发展的前沿领域和最新动态,同时还涉及全球气候变暖、海平面变化、海洋酸化、碳循环、人类活动的生态影响、生态系统退化、岛礁工程建设等大众关心的科学问题。 |
| ● |
| 相关链接 |
|
|
|
|
正题名:珊瑚礁科学概论
索取号:P737.2/109
 
预约/预借
| 序号 | 登录号 | 条形码 | 馆藏地/架位号 | 状态 | 备注 |
| 1 | 1201738 | 212017388 | 第二样本阅览室/ [索取号:P737.2/109] | 在馆 | |
| 2 | 1201739 | 212017397 | 第三借阅区/ [索取号:P737.2/109] | 在馆 |